01336dam#a2200241 45000010014000000030004000140050017000180060019000350070015000540080041000690200018001100400018001281000035001462450016001812500018001972600013002152640048002283000022002763360026002983370026003245200693003508560051010439781456275570VST20250425090630.0m o d cr#un#---uucau191010s2019 MEX eng d a9781456275570 aVSTcVSTdVST1 aArtemio López Quirozeauthor10aFilosofía afirst edition aMexico : 1aMexico :bMcGraw-Hill Interamericana,c2019 a1 online resource atextbtxt2rdacontent acomputerbc2rdamedia aEn este libro se hace un recorrido por la historia del pensamiento filosófico, desde los presocráticos, el pensamiento mítico y el asombro ante la naturaleza, hasta los pensadores del siglo XX que reflexionan acerca del valor del ser humano en el mundo actual, en el que la tecnología imprime un sello técnico por doquier. Con un estilo espléndido, con el que expone a un mismo tiempo con sencillez y profundidad las ideas filosóficas que han avivado la mente de los mayores pensadores de la historia, el autor repasa incluso las ideas que han dado origen a la llamada identidad mexicana, como las del recién fallecido Miguel León Portilla y el premio Nobel Octavio Paz.40uhttps://resolver.vitalsource.com/9781456275570